Recuerdo sucinto de las hemorragias del alumbramiento / (Record no. 79718)

MARC details
000 -LEADER
campo de control de longitud fija 00509nam a2200169 i 4500
001 - NÚMERO DE CONTROL
campo de control 79718
003 - IDENTIFICADOR DE NÚMERO DE CONTROL
campo de control ES-MaACL
005 - FECHA Y HORA DE LA ÚLTIMA TRANSACCIÓN
campo de control 20230906174034.0
007 - CAMPO FIJO DE DESCRIPCIÓN FÍSICA--INFORMACIÓN GENERAL
campo de control de longitud fija t|
008 - DATOS DE LONGITUD FIJA--INFORMACIÓN GENERAL
campo de control de longitud fija 041022s1911 sp ||||1| spa d
100 1# - ENTRADA PRINCIPAL--NOMBRE DE PERSONA
Nombre de persona Hernanz de Nicolás, Angel.
9 (RLIN) 63120
245 10 - MENCIÓN DEL TÍTULO
Título Recuerdo sucinto de las hemorragias del alumbramiento /
Mención de responsabilidad, etc. por Angel Hernanz de Nicolás.
260 ## - PUBLICACIÓN, DISTRIBUCIÓN, ETC.
Lugar de publicación, distribución, etc. Soria :
Nombre del editor, distribuidor, etc. [s.n.,
Fecha de publicación, distribución, etc. 1911] (
Fabricante Tierra Soriana)
300 ## - DESCRIPCIÓN FÍSICA
Extensión 82 p. ;
Dimensiones 20 cm.
595 ## -
-- Tesis doctoral.
852 ## - LOCALIZACIÓN
Ubicación ES-MaACL
Número de control de estantería T-1446-F-4
Holdings
Estatus retirado Estado de pérdida Estado de daño No para préstamo Colección Biblioteca de origen Biblioteca actual Ubicación en estantería Fecha de adquisición Fuente de adquisición Total de préstamos Signatura topográfica completa Código de barras Visto por última vez Precio de reemplazo Tipo de ítem Koha
        Colección de folletos Biblioteca del Ateneo de Madrid Biblioteca del Ateneo de Madrid Depósito folletos 17/01/2008     T-1446-F-4 1083356 23/02/2023 23/02/2023 Folleto